NLSUI OPAC header image

Clinical negligence : A practical guide (Record no. 20830)

MARC details
000 -LEADER
fixed length control field 01263nam a2200229Ia 4500
003 - CONTROL NUMBER IDENTIFIER
control field OSt
005 - DATE AND TIME OF LATEST TRANSACTION
control field 20211103152545.0
008 - FIXED-LENGTH DATA ELEMENTS--GENERAL INFORMATION
fixed length control field 160316s2001 xxu||||| |||| 00| 0 eng d
020 ## - INTERNATIONAL STANDARD BOOK NUMBER
International Standard Book Number 9780406941541
040 ## - CATALOGING SOURCE
Transcribing agency N
082 ## - DEWEY DECIMAL CLASSIFICATION NUMBER
Classification number 344.041000
Item number LEW
100 ## - MAIN ENTRY--PERSONAL NAME
Personal name Lewis Charles J
245 ## - TITLE STATEMENT
Title Clinical negligence : A practical guide
250 ## - EDITION STATEMENT
Edition statement 5th
260 ## - PUBLICATION, DISTRIBUTION, ETC.
Place of publication, distribution, etc. London
Name of publisher, distributor, etc. Butterworths
Date of publication, distribution, etc. 2001
300 ## - PHYSICAL DESCRIPTION
Extent 568p
Dimensions lxi
365 ## - TRADE PRICE
Price amount Rs.5,606
505 ## - FORMATTED CONTENTS NOTE
Formatted contents note Contents: <br/>"Introduction: the Changes;<br/>Funding;<br/>The Structure of the NHS;<br/>Suing over Policy Decisions;<br/>Procedure: The Initial Complaint;<br/>The Inquest;<br/>The Medical Records;<br/>Experts;<br/>Issue of Proceedings;<br/>Striking Out;<br/>Between Issue and Trial;<br/>Cost Issues;<br/>Law: Negligence and Duty of Care;<br/>The Duty of Care in the Medical Context;<br/>The Standard of Care;<br/>Loss/Injury: Damage and Causation;<br/>Loss/Injury: Foreseeability and Remoteness;<br/>Loss/Injury: Nervous Shock;<br/>Loss/Injury: Economic loss;<br/>Who to Sue;<br/>The Proof of Negligence;<br/>Consent;<br/>The Failed Sterilisation and Similar Mishaps;<br/>The Congenital Disabilities Act 1976 Limitation;<br/>Human Rights;<br/>Strict Liability;<br/>Epilogue;<br/>Appendices
650 ## - SUBJECT ADDED ENTRY--TOPICAL TERM
Topical term or geographic name entry element 1. Medical Personnel - Malpractice - U K
700 ## - ADDED ENTRY--PERSONAL NAME
Personal name
--
942 ## - ADDED ENTRY ELEMENTS (KOHA)
Source of classification or shelving scheme Dewey Decimal Classification
Koha item type BOOKs
Holdings
Withdrawn status Lost status Damaged status Not for loan Home library Current library Shelving location Date acquired Cost, normal purchase price Total Checkouts Full call number Barcode Date last seen Price effective from Koha item type
        . .   30.05.2017 5606.00   344.041 LEW 18929 30.05.2017 30.05.2017 BOOKs